[Event "RUS-chT Premier League 2018"]
[Site "Sochi"]
[Date "2018.05.02"]
[Round "2"]
[White "Antipov, Mikhail Al"]
[Black "Rublevsky, Sergei"]
[Result "1-0"]
[WhiteElo "2597"]
[BlackElo "2665"]
[Annotator "TA"]
[PlyCount "89"]
[EventDate "2018.??.??"]
[EventCountry "RUS"]
[SourceTitle "playchess.com"]
[Source "ChessBase"]
[SourceQuality "1"]

{[%evp 10,89,11,-9,0,0,0,0,0,0,0,0,0,0,0,0,12,4,26,16,13,18,28,29,46,39,65,29,18,22,50,47,66,64,60,56,51,30,36,39,41,29,97,97,89,93,100,96,93,93,93,97,371,368,360,381,367,379,383,375,374,321,344,333,741,741,718,717,744,744,731,718,660,668,5577,5481,29976,29974,29981,29982,29982,29983]} 1. e4 c5 2. Nf3 e6 3. b3 a6 4. c4 Nc6 5. Bb2 Qc7 (5... Nf6 6. e5 Ng4 7. h3 Nh6 8. g4 d6 9. Bg2 dxe5 10. Nxe5 Nxe5 11. Bxe5 f6 12. Bb2 Nf7 13. d4 cxd4 14. Qxd4 {0-1 (32) Onischuk,V (2637)-Svidler,P (2765) Riadh 2017}) 6. h3 {LiveBook: 4 Games. B40: Sicilian: 2...e6, Unusual lines} Nge7 $146 ({Predecessor:} 6... Rb8 7. a4 Nf6 8. e5 Ng8 9. g3 Nge7 10. Bg2 Nf5 11. O-O Be7 12. Re1 O-O 13. Na3 {½-½ (37) Kalod,R (2476)-Cvek,R (2504) Czech Republic 2018}) 7. Be2 Ng6 8. O-O {The position is equal.} Bd6 9. d4 cxd4 10. Nxd4 O-O 11. Nc3 b6 12. Nc2 Bb7 13. Qd2 Bh2+ 14. Kh1 {aiming for g3.} Bf4 15. Ne3 f5 16. Rad1 Nce5 17. Qd4 {And now exf5 would win.} Qc6 {[%cal Rf5e4]} 18. Bh5 fxe4 19. Ne2 Bh6 20. Bxg6 $1 Nxg6 21. Ng4 Rf7 22. Nxh6+ gxh6 23. Ng3 Raf8 24. Qe3 Qc5 $1 25. Qxh6 e5 (25... b5 $11 {keeps the balance.}) 26. Bc1 $16 b5 27. Be3 Qe7 28. c5 Nf4 29. Rd6 Rf6 30. Qg5+ Kf7 $2 {[%mdl 8192] [#]} (30... Kh8 $16) 31. Nf5 $1 $18 Rxf5 32. Qxf5+ Ke8 33. Qg4 h5 34. Qg3 Bc6 35. Bxf4 exf4 36. Qg6+ Kd8 $2 (36... Rf7 37. Rxc6 dxc6 38. Qxc6+ Kf8 39. Qh6+ Kg8 40. Qxh5 Qf6) 37. Rxc6 dxc6 38. Qxc6 {[%mdl 4096] [#] Endgame Rd1+ would kill now. KQR-KQR} Qd7 39. Qa8+ Ke7 40. Qxe4+ Qe6 41. Qb7+ Ke8 42. Rd1 f3 43. c6 {[%cal Bc5c6,Bc6c7][%mdl 32] White mates.} fxg2+ 44. Kg1 Qe7 45. c7 {Precision: White = 83%, Black = 46%.} 1-0

[Event "RUS-chT Premier League 2018"]
[Site "Sochi"]
[Date "2018.05.02"]
[Round "2"]
[White "Sarana, Alexey"]
[Black "Shinkevich, Vitaly"]
[Result "1/2-1/2"]
[WhiteElo "2588"]
[BlackElo "2438"]
[Annotator "TA"]
[PlyCount "87"]
[EventDate "2018.??.??"]
[EventCountry "RUS"]
[SourceTitle "playchess.com"]
[Source "ChessBase"]
[SourceQuality "1"]

{[%evp 20,87,38,32,37,25,27,25,22,10,11,18,49,61,47,20,28,24,28,27,27,9,17,35,33,3,43,0,49,47,102,64,54,67,100,35,80,76,83,18,18,18,18,18,23,25,30,0,11,12,28,22,27,-8,0,-2,0,-25,0,14,106,-7,-5,-6,-5,-2,-1,-2,0,0]} 1. Nf3 c5 2. c4 Nf6 3. g3 g6 4. Bg2 Bg7 5. Nc3 O-O 6. O-O Nc6 7. d4 cxd4 8. Nxd4 Qb6 9. e3 d6 10. b3 Bd7 {A39: Symmetrical English vs ...g6: 4 Bg2 Bg7 5 Nf3 Nf6 6 0-0 0-0 7 d4} 11. Bb2 {LiveBook: 14 Games} Rfc8 12. Qd2 Rab8 {White has an edge.} 13. Rfd1 $146 ({Predecessor:} 13. Rad1 a6 14. Nxc6 bxc6 15. Na4 Qc7 16. c5 d5 17. Nb6 Rd8 18. f4 {½-½ (50) Mercadal Benejam,J (2563)-Alexandre Bisquert,F (2457) AEAC email 2003}) 13... Qa5 14. Rac1 Nxd4 15. exd4 Qh5 16. Re1 Re8 17. Qe2 Bg4 18. f3 Bd7 19. Nd1 Qa5 20. Bc3 Qa3 21. Ne3 b5 22. c5 Rec8 23. b4 dxc5 24. dxc5 Be6 (24... Bc6 $1 $14) 25. Qb2 Qxb2 26. Bxb2 Rd8 27. Rcd1 (27. Be5 $16) 27... Rxd1 28. Rxd1 Ng4 29. Bc1 ({Much worse is} 29. Nxg4 $6 Bxb2 30. Ne3 Bc3 $15) (29. fxg4 $16 Bxb2 30. Bd5) 29... Nxe3 $11 30. Bxe3 Bc3 $1 31. a3 a5 32. bxa5 Bxa5 33. Rb1 Bc7 34. f4 Bc4 35. Bc6 f6 36. Bd7 Kf7 37. c6 Bd6 38. Re1 Ra8 39. Bb6 {c7 is the strong threat.} Rxa3 (39... Bd5 $1 $11) 40. Bh3 ({White should try} 40. c7 $16 Bxc7 41. Bxc7) 40... f5 {White must now prevent ...Rc3.The position is equal.} 41. c7 $132 {[%mdl 2048] White is not keeping still} Ra8 {[#] Hoping for ...Rc8.} 42. Bg2 Rc8 43. Bb7 Rxc7 44. Bxc7 {Precision: White = 20%, Black = 49%.} 1/2-1/2

[Event "RUS-chT Premier League 2018"]
[Site "Sochi"]
[Date "2018.05.02"]
[Round "2"]
[White "Potkin, Vladimir"]
[Black "Gelfand, Boris"]
[Result "1-0"]
[WhiteElo "2574"]
[BlackElo "2695"]
[Annotator "TA"]
[PlyCount "75"]
[EventDate "2018.??.??"]
[EventCountry "RUS"]
[SourceTitle "playchess.com"]
[Source "ChessBase"]
[SourceQuality "1"]

{[%evp 21,75,33,27,21,29,12,18,18,22,29,26,13,37,16,18,23,34,0,5,0,6,0,0,0,51,5,6,14,9,8,37,-2,169,172,539,533,533,533,510,359,831,826,784,691,29981,29982,29982,29983,29983,29984,29991,29992,29993,29990,29994,29991]} 1. Nf3 c5 2. c4 Nc6 3. Nc3 g6 4. e3 Nf6 5. d4 cxd4 6. exd4 d5 7. cxd5 Nxd5 8. Qb3 Nxc3 9. Bc4 e6 10. bxc3 Bd7 11. Be2 {A35: Symmetrical English: 2 Nc3 Nc6 3 Nf3} Na5 {LiveBook: 3 Games} 12. Qb1 $146 ({Predecessor:} 12. Qc2 Bg7 13. Ba3 Bf8 14. Bb2 Bg7 15. Ba3 Bf8 16. Bb2 Bg7 17. Ba3 {½-½ (17) Aronian,L (2794)-So,W (2799) Berlin 2018}) 12... Bg7 13. Ba3 {White has an edge.} Bf8 14. Bb4 Bxb4 15. Qxb4 b6 16. h4 h5 17. O-O {Black must now prevent d5!} Nc6 18. Qd6 Ne7 19. Qf4 O-O 20. c4 Bc6 21. Rad1 Rc8 22. Ne5 Ba8 ({Black should play} 22... Ba4 $11) 23. Bd3 Kg7 24. Rfe1 Qc7 $132 {[%mdl 2048] Black is not keeping still} 25. d5 exd5 {And now ...f6 would win.} 26. cxd5 Bxd5 $2 {[#]} (26... Nxd5 $11 27. Qg3 Qd6) 27. Ba6 $1 $18 Bxa2 $2 (27... Rcd8) 28. Bxc8 Rxc8 29. Rd7 Qc3 30. Re3 Qa1+ $2 (30... Qc1+ 31. Kh2 Nf5) 31. Kh2 Nf5 {[#]} 32. Qg5 $1 {[%mdl 512] Threatening mate with Qxg6+.} Nxe3 33. Qxg6+ $1 {White mates.} Kh8 34. Qxh5+ Kg8 35. fxe3 Qf1 36. Qg5+ Kh8 37. Qh6+ Kg8 38. Ng6 {Precision: White = 60%, Black = 50%.} 1-0

[Event "RUS-chT Premier League 2018"]
[Site "Sochi"]
[Date "2018.05.02"]
[Round "2"]
[White "Maletin, Pavel"]
[Black "Timofeev, Artyom"]
[Result "0-1"]
[WhiteElo "2572"]
[BlackElo "2573"]
[Annotator "TA"]
[PlyCount "124"]
[EventDate "2018.??.??"]
[EventCountry "RUS"]
[SourceTitle "playchess.com"]
[Source "ChessBase"]
[SourceQuality "1"]

{[%evp 15,124,11,17,14,17,9,19,19,16,27,33,23,28,16,9,4,12,4,12,7,14,14,29,29,30,8,28,21,50,58,69,49,47,39,40,29,124,120,141,45,53,52,47,43,41,47,52,52,39,17,6,0,0,-181,-141,-165,-170,-260,-251,-256,-257,-251,-241,-219,-183,-183,-183,-323,-298,-495,-485,-460,-451,-578,-575,-571,-572,-562,-565,-565,-560,-583,-576,-562,-560,-597,-540,-762,-739,-707,-724,-668,-629,-1464,-1486,-1463,-1460,-1462,-1387,-1435,-1192,-1359,-1189,-1288,-1011,-29973,-29974,-29974,-29975,-7200,-6198]} 1. Nf3 d5 2. g3 Nf6 3. Bg2 e6 4. O-O Be7 5. c4 O-O 6. d4 dxc4 7. Qc2 c6 {E05: Open Catalan: 5 Nf3 Be7} 8. a4 (8. Qxc4 b5 9. Qc2 Bb7 10. Nc3 Nbd7 11. Rd1 Qb6 12. Ne5 Rfd8 13. Be3 Nd5 14. Nxd5 cxd5 15. Rac1 Rac8 16. Qd3 b4 17. Rxc8 Bxc8 {½-½ (41) So,W (2799)-Mamedyarov,S (2809) Berlin 2018}) 8... b6 {LiveBook: 3 Games} 9. Na3 Bb7 $146 {The position is equal.} ({Predecessor:} 9... Bxa3 10. Rxa3 Ba6 11. Bg5 h6 12. Bxf6 Qxf6 13. Ne5 Qe7 14. Rc1 Bb7 15. Qxc4 {1-0 (40) Troia,E (2193)-Moes,J ICCF email 2009}) 10. Rd1 Nbd7 11. Ne5 Qc8 12. Naxc4 c5 13. Nxd7 Nxd7 14. Bxb7 Qxb7 15. dxc5 Nxc5 16. Be3 Rac8 17. Rac1 Qa6 18. b3 h6 19. Bxc5 Bxc5 20. Qe4 Rc7 21. Ne5 {White wants to play b4.} Qb7 22. Qxb7 Rxb7 23. a5 f6 24. Ng6 {aiming for a6.} Rff7 25. Nf4 e5 (25... Rfe7 $1 $11) 26. Ne6 $16 Rfe7 27. Nd8 ({Of course not} 27. Nxc5 $6 bxc5 28. Rxc5 Rxb3 $11) ({Better is} 27. Rd8+ $16 Kf7 28. a6 (28. Nxc5 bxc5 29. Rxc5 Rxb3 $11) 28... Kxe6 29. axb7 Rxb7 30. g4) 27... Rbc7 28. b4 Bxb4 {Hoping for ...Rxc1.} 29. Nc6 Bxa5 {White must now prevent ...Re6.} 30. Nxe7+ Rxe7 $14 {[%mdl 4096] Endgame KRR-KRB} 31. Rc4 Kf7 32. e4 {[%mdl 1024] White has compensation.} Rb7 33. Rd5 b5 {[%cal Bb6b5,Bb5b4,Bb4b3,Bb3b2][%mdl 32]} 34. Rc6 $2 (34. Rc8 $11) 34... Bb6 $1 $19 35. Kf1 {[#]} Bd4 $1 36. f4 (36. Ke1 $142) 36... b4 37. Ke2 b3 {...b2 is the strong threat.} 38. Rc1 b2 39. Rb1 Rb3 40. Kd2 Ke6 41. Ra5 {[#]} (41. f5+ {was called for.} Ke7 42. Kd1) 41... Rf3 $1 42. fxe5 $2 (42. Ra6+ Kf7 43. fxe5) 42... fxe5 43. Ra6+ Kf7 44. Kc2 Rf2+ 45. Kb3 Rxh2 46. Rf1+ Kg8 47. Ka2 Re2 48. Ra3 Rxe4 49. Rb3 Rg4 50. Rd3 Rg6 51. Ra3 Kh7 52. Kb1 Rc6 53. Rd1 Kg6 54. Rf1 Kg5 55. Re1 h5 56. Rf1 g6 {[%cal Bg7g6,Bg6g5,Bg5h4][%mdl 32]} 57. Re1 Kf5 58. Rh1 g5 59. Rb3 Kg4 60. Ra3 h4 61. gxh4 gxh4 62. Rb3 Ra6 {Precision: White = 45%, Black = 69%.} 0-1

[Event "RUS-chT Premier League 2018"]
[Site "Sochi"]
[Date "2018.05.02"]
[Round "2"]
[White "Stupak, Kirill"]
[Black "Malakhov, Vladimir"]
[Result "1/2-1/2"]
[WhiteElo "2556"]
[BlackElo "2689"]
[Annotator "TA"]
[PlyCount "66"]
[EventDate "2018.??.??"]
[EventCountry "RUS"]
[SourceTitle "playchess.com"]
[Source "ChessBase"]
[SourceQuality "1"]

{[%evp 26,66,22,22,29,15,23,20,22,12,31,10,17,0,4,0,0,0,9,9,10,9,9,10,3,3,7,3,8,0,0,0,15,13,20,0,0,0,15,10,35,0,18]} 1. d4 d5 2. c4 c6 3. cxd5 cxd5 4. Bf4 Nc6 5. e3 Nf6 6. Nc3 a6 7. Bd3 Bg4 8. f3 Bh5 9. Nge2 {[%cal Bg1e2,Be2f4,Bf4d3,Bd3c5][%mdl 32]} e6 {D10: Slav Defence: 3 cxd5 (without early Nf3) and 3 Nc3} 10. O-O Bd6 11. Rc1 Bg6 (11... O-O 12. Na4 e5 13. Bg5 exd4 14. exd4 Bg6 15. Nc5 Bxc5 16. Rxc5 Re8 17. Nf4 Bxd3 18. Qxd3 {1-0 (38) Socko,B (2593)-Malakhov,V (2686) Riadh 2017}) 12. Na4 Bxd3 13. Qxd3 Bxf4 14. Nxf4 {LiveBook: 9 Games} Nd7 15. Qd2 O-O 16. Nd3 Qe7 $146 ({Predecessor:} 16... Rc8 17. Nac5 Nxc5 18. Nxc5 Qe7 19. Rc3 Rc7 20. Rfc1 Rcc8 21. Qc2 Na5 22. Qa4 Nc4 23. b3 Nxe3 {½-½ (23) Deliman,A (1727)-Magdy,A Kemer 2007}) 17. Rc2 Rfe8 18. a3 Rad8 {[%cal Ba8d8,Bd8d6,Bd6e6,Be6e5][%mdl 32]} 19. Rd1 h6 20. Nac5 Nxc5 21. Nxc5 Rd6 22. Nd3 e5 23. dxe5 Nxe5 24. Nxe5 Qxe5 25. Rc3 Rde6 26. Rd3 Qg5 27. Kf2 Qh4+ 28. Kg1 Qe7 29. Re1 Re5 30. Kf2 Qh4+ 31. Kg1 $1 Qe7 32. Qc3 Qh4 33. Qd2 Qe7 {Precision: White = 42%, Black = 78%.} 1/2-1/2

[Event "RUS-chT Premier League 2018"]
[Site "Sochi"]
[Date "2018.05.02"]
[Round "2"]
[White "Bocharov, Ivan"]
[Black "Hasangatin, Ramil"]
[Result "1-0"]
[WhiteElo "2547"]
[BlackElo "2502"]
[Annotator "TA"]
[PlyCount "103"]
[EventDate "2018.??.??"]
[EventCountry "RUS"]
[SourceTitle "playchess.com"]
[Source "ChessBase"]
[SourceQuality "1"]

{[%evp 31,103,6,16,19,29,19,25,11,14,0,0,0,0,0,11,20,50,59,44,33,64,44,116,110,183,194,190,180,192,195,281,283,531,508,503,516,502,495,487,472,450,449,462,406,447,440,436,436,427,427,418,411,424,416,743,732,718,671,831,826,1089,1008,1316,728,2061,1625,1825,1685,2581,1980,29979,29980,29979,29980]} 1. e4 c5 2. Nf3 e6 3. d4 cxd4 4. Nxd4 Nf6 5. Nc3 Nc6 6. Ndb5 Bb4 7. a3 Bxc3+ 8. Nxc3 d5 9. exd5 exd5 10. Bd3 O-O 11. O-O d4 12. Ne4 Bf5 13. Bg5 Bxe4 14. Bxe4 h6 15. Bxf6 Qxf6 16. Re1 Rfd8 {LiveBook: 3 Games. B45: Sicilian Four Knights} (16... Rac8 17. Qh5 b6 18. Rad1 Rfd8 19. Qf5 Qxf5 20. Bxf5 Rc7 21. Rd2 g6 22. Bd3 Kg7 23. g3 Na5 24. Kg2 {½-½ (33) Leko,P (2743)-Kramnik,V (2770) Budapest 2001}) 17. Qh5 Qg5 $146 ({Predecessor:} 17... Rac8 18. Qf5 Qxf5 19. Bxf5 Rc7 20. Rad1 g6 21. Bd3 Na5 22. Kf1 b6 23. Ke2 Nb7 24. Kd2 Nc5 25. Re5 Rdc8 26. Rde1 Kf8 27. R1e2 Na4 28. Kc1 Nc5 29. Kd2 Na4 30. Kc1 {½-½ (30) Ninov,N (2473)-Petrov,M (2428) Plovdiv 2004}) 18. Qh3 Re8 {The position is equal.} 19. Qf3 Re6 20. Bd5 Rf6 21. Qb3 Rd8 22. Be4 Qf4 23. Qg3 Qd2 24. Rad1 Qa5 25. Bd3 Qb6 26. b4 {[%cal Bb2b4,Bb4b5][%mdl 32]} a5 (26... Kf8 $14) 27. b5 $16 Na7 (27... Nb8 $16) 28. Re5 $18 Nc8 29. Rde1 $40 {[%mdl 128] [#] Threatening mate with Re8+. White has strong attack.} Kf8 30. Qh4 Nd6 (30... Qd6 {is a better defense.} 31. Qe4 Re6) 31. g4 {[%cal Bg2g4,Bg4g5][%mdl 32] g5 is the strong threat.} Re8 $2 {[#]} (31... Re6 32. Rxe6 fxe6) 32. g5 $1 {[%cal Rg5h6]} Rxe5 33. Rxe5 {Hoping for gxh6.} Re6 34. Rxe6 fxe6 35. gxh6 gxh6 36. Qxh6+ Ke7 37. Qg5+ Kd7 38. h4 {[%cal Bh2h4,Bh4g5,Bg5g6][%mdl 32]} Qd8 39. Qg7+ Qe7 40. Qxd4 e5 41. Qg4+ Kc7 42. Qg5 Qxg5+ (42... Kd7 $142 43. f4 exf4 44. Qxf4 Qg7+ 45. Kh2 Qh8 46. Qg4+ Ke7 47. Qg5+ Qf6) 43. hxg5 {[%mdl 4096] Endgame KB-KN} e4 44. Bf1 Kd7 45. b6 Kc6 46. g6 Nf5 47. Bg2 Kd5 48. Kh2 Ke5 49. Kh3 Kf6 50. c4 {[%cal Bc2c4,Bc4c5][%mdl 32]} e3 51. fxe3 Nxe3 52. c5 {Precision: White = 88%, Black = 28%.} 1-0

[Event "RUS-chT Premier League 2018"]
[Site "Sochi"]
[Date "2018.05.02"]
[Round "2"]
[White "Iljin, Artem"]
[Black "Tsydypov, Zhamsaran"]
[Result "1/2-1/2"]
[WhiteElo "2528"]
[BlackElo "2525"]
[Annotator "TA"]
[PlyCount "81"]
[EventDate "2018.??.??"]
[EventCountry "RUS"]
[SourceTitle "playchess.com"]
[Source "ChessBase"]
[SourceQuality "1"]

{[%evp 33,81,0,8,0,57,59,152,63,58,29,33,22,13,8,15,0,6,0,0,0,8,0,9,0,13,0,0,0,0,0,0,0,0,0,0,0,0,0,0,0,0,0,0,0,0,0,0,0,0,0]} 1. Nf3 Nf6 2. c4 e6 3. g3 d5 4. Bg2 Be7 5. O-O O-O 6. d4 Nbd7 7. Qc2 c6 8. Nbd2 b6 9. e4 Ba6 10. b3 Rc8 11. Rd1 c5 12. exd5 exd5 13. Nf1 {E09: Closed Catalan: Main Line: 7 Qc2 c6 8 Nbd2} cxd4 14. Nxd4 b5 15. Ne3 bxc4 16. Nxd5 Nxd5 17. Bxd5 cxb3 {LiveBook: 6 Games} 18. Qxb3 {[#] And now Nc6 would win.} Qb6 $146 (18... Bc5 $11) 19. Be3 $14 {Strongly threatening Nc6.} Nc5 {[#]} (19... Bc5 $14) 20. Qxb6 ({White should try} 20. Nf5 $1 $16 {[%cal Rf5e7]} Bf6 21. Qa3) 20... axb6 21. Nf5 Bf6 22. Bd4 Bxd4 {The position is equal.} 23. Rxd4 {Threatens to win with Ne7+.} Rc7 24. Rad1 g6 25. Ne3 Rfc8 26. Rb4 Nd7 27. Kg2 Kg7 28. h4 Ra7 29. Nc4 Nf6 30. Nxb6 Rd8 31. Bf3 Rxd1 32. Bxd1 Bb7+ 33. Bf3 Bxf3+ 34. Kxf3 $11 {[%mdl 4096] Endgame KRN-KRN} Ra3+ 35. Rb3 Rxa2 36. Nc4 h5 37. Rb2 Rxb2 38. Nxb2 Ng4 39. Nd3 Kf6 40. Kf4 Nh6 41. Nc5 {Precision: White = 37%, Black = 61%.} 1/2-1/2

[Event "RUS-chT Premier League 2018"]
[Site "Sochi"]
[Date "2018.05.02"]
[Round "2"]
[White "Iljiushenok, Ilia"]
[Black "Skatchkov, Valery"]
[Result "1-0"]
[WhiteElo "2520"]
[BlackElo "2351"]
[Annotator "TA"]
[PlyCount "79"]
[EventDate "2018.??.??"]
[EventCountry "RUS"]
[SourceTitle "playchess.com"]
[Source "ChessBase"]
[SourceQuality "1"]

{[%evp 10,79,7,-2,72,82,81,75,53,65,195,191,229,59,224,208,216,209,201,155,150,157,294,304,301,176,178,166,229,226,229,205,456,435,395,171,166,174,279,232,225,225,322,319,314,315,309,257,303,306,285,298,294,283,251,262,299,290,462,429,427,469,440,458,473,454,411,405,531,374,739,740]} 1. d4 Nf6 2. c4 e6 3. Nc3 Bb4 4. Qc2 O-O 5. Nf3 d5 (5... c5 6. dxc5 Na6 7. a3 Bxc3+ 8. Qxc3 Nxc5 9. e3 b6 10. Be2 Bb7 11. O-O Rc8 12. Rd1 Qe7 13. b3 d5 14. Bb2 dxc4 15. Bxc4 Bxf3 16. gxf3 Qb7 17. Rd4 b5 18. Be2 Na4 19. Qd2 Nxb2 20. Qxb2 {½-½ (47) Mamedyarov,S (2804)-Caruana,F (2811) chess.com INT 2018}) 6. cxd5 {LiveBook: 113 Games. E32: Nimzo-Indian: Classical (4 Qc2): 4...0-0} Nxd5 (6... exd5 $11 {remains equal.} 7. e3 c5) 7. e4 $16 {[%cal Be2e4,Be4e5][%mdl 32]} Nxc3 8. bxc3 {White is better.} Be7 9. Bd3 b6 (9... c5 $14) 10. e5 $18 h6 11. Bh7+ $146 ({Predecessor:} 11. Be4 c6 12. h4 Bb7 13. Rh3 {1-0 (24) Finegold,B (2507)-Gross,B (1349) Warren 2000}) 11... Kh8 12. Be4 c6 13. h4 $1 a5 14. Bf4 Ra7 15. Rh3 Ba3 (15... Nd7 $16 16. Rg3 (16. Bxc6 Rc7 $14) 16... Rg8) 16. Rd1 Ba6 17. Rg3 (17. Qd2 $142) 17... Rg8 {[#]} 18. h5 $1 Nd7 {[#]} (18... Qe8 {was called for.} 19. Qd2 Bf8) 19. Qd2 $1 (19. Bxc6 Rc7 $14) 19... Bf8 20. Bb1 $40 {[%cal Be4b1,Bb1a2,Ba2e6][%mdl 160] And now Qc2 would win. White is out for blood.} (20. Bxc6 Rc7 $11) 20... Nb8 $2 (20... f5 {keeps fighting.} 21. exf6 gxf6 22. Rxg8+ (22. Bxh6 Rxg3 23. fxg3 f5 $18) (22. Qc2 f5 $16) 22... Kxg8 23. Bxh6 Qe7 24. Bxf8 Nxf8) 21. Qc2 {[%csl Gb1][%cal Rc2h7]} f5 22. Rg6 (22. exf6 $142 gxf6 23. Rg6 Rxg6 24. Qxg6) 22... Qd5 23. a4 Qc4 (23... c5 {is a better defense.} 24. Ba2 c4) 24. Ba2 Qf1+ 25. Kd2 {[%cal Be1d2,Bd2c1,Bc1b1,Bb1c2,Bc2b3][%mdl 32]} Qxf2+ (25... Qe2+ $142 26. Kc1 Qe4) 26. Kc1 Ba3+ 27. Kb1 Qxc2+ 28. Kxc2 Nd7 29. Bxe6 ({But not} 29. Rxe6 Rc8 $16) 29... Nf8 30. Bxg8 ({Weaker is} 30. Bxf5 Nxg6 31. Bxg6 Bc4 $11) 30... Nxg6 31. hxg6 Kxg8 32. Kb3 Be7 33. c4 {[%cal Bc3c4,Bc4d5][%mdl 32]} Bb4 (33... Rc7 $142 34. d5 cxd5) 34. Bd2 Be7 35. d5 cxd5 36. cxd5 Bc5 37. Bf4 Kf8 38. e6 Ke7 39. Be5 Ra8 $2 (39... Be2) 40. Nh4 {Precision: White = 75%, Black = 41%.} 1-0

[Event "RUS-chT Premier League 2018"]
[Site "Sochi"]
[Date "2018.05.02"]
[Round "2"]
[White "Chernobay, Artem"]
[Black "Pogorelskikh, Sergey"]
[Result "1/2-1/2"]
[WhiteElo "2510"]
[BlackElo "2153"]
[Annotator "TA"]
[PlyCount "81"]
[EventDate "2018.??.??"]
[EventCountry "RUS"]
[SourceTitle "playchess.com"]
[Source "ChessBase"]
[SourceQuality "1"]

{[%evp 15,81,12,9,-37,-37,-98,-39,-32,6,8,5,5,6,5,5,5,7,3,0,0,6,7,31,21,80,85,64,50,58,6,38,36,402,412,235,144,120,0,0,0,0,0,0,0,0,0,0,0,0,0,0,0,0,0,0,0,0,0,0,0,0,0,0,0,0,0,0,0]} 1. d4 Nf6 2. Nf3 g6 3. Bg5 Bg7 4. Nbd2 O-O 5. e4 d5 6. Bd3 dxe4 7. Nxe4 Nxe4 8. Bxe4 c5 {[%cal Bc7c5,Bc5d4][%mdl 32]} 9. Qd2 {A48: 1 d4 Nf6 2 Nf3 g6: Torre, London and Colle Systems} (9. c3 cxd4 10. Nxd4 Qb6 11. Qe2 Nc6 12. Nb3 a5 13. Be3 Qc7 14. a4 Ne5 15. Nd4 Qc4 16. Bg5 h6 17. Bc1 Rd8 18. Bc2 {½-½ (28) Mamedyarov,S (2799)-Mamedov,R (2709) Huaian 2017}) 9... cxd4 10. O-O-O (10. Bh6 $1 $15) 10... Nc6 ({Better is} 10... f6 $17 11. Bh6 e5) 11. Bh6 $15 {Black is slightly better.} Bg4 $146 (11... e5 {feels hotter.} 12. Bxc6 bxc6 13. Bxg7 Kxg7 14. Nxe5 c5) ({Predecessor:} 11... Qb6 12. h4 Nb4 13. Kb1 Qe6 14. Qxb4 Bxh6 15. Bd3 a5 16. Qa3 Bg7 {1-0 (74) Castillo Coca,M (2094)-Campos Vila,M (2253) Havana 2013}) 12. Bxg7 Kxg7 13. Bxc6 bxc6 14. Qxd4+ Qxd4 15. Rxd4 Bxf3 16. gxf3 $11 {[%mdl 4096] Endgame KRR-KRR} Rfd8 17. Rhd1 Rxd4 18. Rxd4 {KR-KR} Rb8 19. Rd7 Rb5 (19... a5 $11 {keeps the balance.}) 20. Rxa7 $16 ({Much worse is} 20. Rxe7 a5 $11) 20... Rh5 21. a4 {[%cal Ba2a4,Ba4a5,Ba5a6][%mdl 32]} Rxh2 22. Rd7 (22. Rxe7 $14 Rxf2 23. a5) 22... h5 (22... Rxf2 23. a5 $18) 23. a5 h4 $2 {[%mdl 8192] [#]} (23... Rh4 $1 $14) 24. Rd1 $1 $18 {a6 is the strong threat.} h3 25. a6 Rg2 26. Rh1 ({White must play} 26. a7 $16 h2 27. a8=Q) 26... h2 $11 {Hoping for ...Rg1+.The position is equal.} 27. Kd2 Rg1 28. Rxh2 Ra1 29. b4 (29. Rh4 {keeps more tension.} Rxa6 30. b3 c5 31. Ra4 Rd6+ 32. Ke3) 29... Rxa6 30. Kd3 Rb6 31. c3 Kf6 32. Rh4 Ke6 33. Re4+ Kd7 34. Re5 Kd6 35. Ra5 Rb8 36. Ke4 Rh8 37. Ra6 Kc7 38. Ra7+ Kd6 39. Ra6 Kc7 40. Ra7+ Kd6 41. Ra6 {Precision: White = 66%, Black = 57%.} 1/2-1/2

[Event "RUS-chT Premier League 2018"]
[Site "Sochi"]
[Date "2018.05.02"]
[Round "2"]
[White "Gutenev, Alexander"]
[Black "Pershin, Denis"]
[Result "1/2-1/2"]
[WhiteElo "2482"]
[BlackElo "2393"]
[Annotator "TA"]
[PlyCount "105"]
[EventDate "2018.??.??"]
[EventCountry "RUS"]
[SourceTitle "playchess.com"]
[Source "ChessBase"]
[SourceQuality "1"]

{[%evp 33,105,0,7,0,37,41,59,29,68,54,68,65,66,60,63,49,50,49,52,50,54,57,54,36,59,17,19,17,27,16,32,27,56,0,30,25,29,12,22,12,29,31,163,54,57,16,16,14,37,37,31,34,115,114,126,126,133,58,58,64,72,65,65,74,70,137,148,138,533,0,4,0,374,0]} 1. e4 c6 2. d4 d5 3. Nd2 dxe4 4. Nxe4 Bf5 5. Ng3 Bg6 6. h4 h6 7. Nf3 Nd7 8. h5 Bh7 9. Bd3 Bxd3 10. Qxd3 e6 11. Bd2 Ngf6 12. O-O-O Be7 13. Kb1 O-O 14. Ne4 c5 15. dxc5 Nxc5 {B19: Classical Caro-Kann: 4...Bf5 main line} 16. Nxf6+ Bxf6 17. Qxd8 Rfxd8 {LiveBook: 34 Games. The position is equal.} 18. c3 (18. Be3 Na4 19. Rxd8+ Rxd8 20. c3 Nb6 21. Bxb6 axb6 22. Kc2 {½-½ (40) Ma,Q (2613)-Navara,D (2727) China 2014}) 18... Rd5 $146 ({Predecessor:} 18... Na4 19. Kc2 Rd5 20. Bc1 Rf5 21. Rd3 Rc8 22. g4 Rb5 23. Nd4 Rb4 24. Rhd1 a6 25. f4 Nc5 {½-½ (25) Detela,W (2306)-Feldborg,B (2262) ICCF email 2014}) 19. Be3 {Hoping for Rxd5.} Rad8 20. Kc2 Ne4 21. Bxa7 Ra8 $1 {[%cal Ra8a7]} 22. Rxd5 exd5 23. Be3 Rxa2 24. Kb3 Ra5 25. g4 Kf8 26. Rd1 Nd6 27. Kc2 Nc4 28. Bc1 Ke7 29. Nd4 Bxd4 30. Rxd4 $11 {[%mdl 4096] Endgame KRB-KRN} Ke6 31. b3 Nd6 32. Kb2 Rb5 33. Kc2 Ra5 34. f3 Ra2+ 35. Bb2 Ra8 36. Rb4 Rc8 37. Bc1 Rc5 (37... b5 $14) 38. Be3 ({Only move:} 38. Bf4 $18) 38... Ra5 $1 $14 39. Bf4 {White wants to play Bxd6.} b5 40. Kb2 Kd7 41. Rd4 Kc6 42. Rd2 Ra8 {[#]} (42... f6 $14) 43. Re2 $1 $16 Re8 {[#]} 44. Rxe8 $1 Nxe8 {KB-KN} 45. Be5 (45. Ka3 $16) 45... f6 $1 $14 {[%cal Rf6e5]} 46. Bd4 Nd6 47. Ka3 Nf7 $1 48. f4 $1 Nd8 49. Kb4 Ne6 50. Be3 Nd8 $2 {[%mdl 8192]} (50... Nc7 $16) 51. Bd4 $2 (51. f5 $18 {Bc5 is the strong threat.} Nb7 52. Ba7) 51... Ne6 $11 52. Be3 $2 {[%mdl 8192]} (52. f5 $11 Nxd4 53. cxd4) 52... Nd8 $1 $18 {Black hopes to continue with ...Ne6.} 53. Bd4 $2 {Precision: White = 51%, Black = 42%.} ({White has to play} 53. f5 $18) 1/2-1/2